Tình trạng xây dựng trái phép nhà ở riêng lẻ nguyên nhân và đề xuất : Báo cáo tổng kết đề tài khoa học và công nghệ cấp Trường

Nội dung đề tài nghiên cứu những trường hợp xây dựng trái phép, nguyên nhân chính dẫn đến tình trạng này, từ đó đưa ra giải pháp tập trung vào những đề xuất pháp lý bỏi chính nó mới là cơ sở vững chắc cho việc giải quyết tận gốc va...

Popoln opis

Shranjeno v:
Bibliografske podrobnosti
Glavni avtor: Nguyễn, Văn Hậu
Format: Knjiga
Jezik:Undetermined
Izdano: Cần Thơ Trường Đại học Cần Thơ 2006
Teme:
Oznake: Označite
Brez oznak, prvi označite!
Thư viện lưu trữ: Trung tâm Học liệu Trường Đại học Cần Thơ
LEADER 01300nam a2200229Ia 4500
001 CTU_204190
008 210402s9999 xx 000 0 und d
082 |a 343.59707869 
082 |b H125 
088 |a T2005-13 
100 |a Nguyễn, Văn Hậu 
245 0 |a Tình trạng xây dựng trái phép nhà ở riêng lẻ nguyên nhân và đề xuất : 
245 0 |b Báo cáo tổng kết đề tài khoa học và công nghệ cấp Trường 
245 0 |c Nguyễn Văn Hậu (Chủ nhiệm đề tài) 
260 |a Cần Thơ 
260 |b Trường Đại học Cần Thơ 
260 |c 2006 
520 |a Nội dung đề tài nghiên cứu những trường hợp xây dựng trái phép, nguyên nhân chính dẫn đến tình trạng này, từ đó đưa ra giải pháp tập trung vào những đề xuất pháp lý bỏi chính nó mới là cơ sở vững chắc cho việc giải quyết tận gốc vấn nạn xây dựng trái phép hiện nay. 
650 |a Construction,Xây dựng 
650 |x Law and legislation,Luật và pháp luật 
904 |i Tuyến 
980 |a Trung tâm Học liệu Trường Đại học Cần Thơ